000 00425cam a2200181ua 4500
041 _aeng
_h
082 _a823.308
_bSCO/TA
100 _aScott, Walter .
245 _aTalisman /
_cWalter Scott.
_hTextual Documents
260 _aLondon :
_bBlackie & Son Ltd ,
_c1961.
300 _a108 ; .
504 _a
942 _cBK
999 _c2518
_d2518